| 000 | 03240cgm a2200601Ii 4500 | ||
|---|---|---|---|
| 003 | data | ||
| 005 | 20260322212041.0 | ||
| 007 | data | ||
| 008 | data | ||
| 020 | _a9781598285642 | ||
| 020 | _a1598285645 | ||
| 024 | 1 | _a054961856497 | |
| 028 | 4 | 2 |
_aAMP-8564 _bAthena |
| 040 |
_aZAM _cZAM _dMNT _dMNT |
||
| 041 | 0 |
_aeng _geng _jeng |
|
| 090 | _aDVD 791.43 A439 | ||
| 245 | 0 | 0 |
_aAmazing grace _h[videorecording] : _bwith Bill Moyers / _cedited by Bill D. Moyers ... [et al.]. |
| 246 | 3 | _aStory of a song that makes a difference. | |
| 260 |
_aSilver Spring, MD : _bAcorn Media, _bAcorn Media, _cc2011. |
||
| 300 |
_a1 videodisc (80 min.) : _bsd., col. ; _c4 3/4 in. |
||
| 500 | _aOriginally aired on PBS in 1990. | ||
| 500 | _aIncludes the documentary Pure Pete Seeger, originally broadcast in 1994 as a segment of the television program Bill Moyers' journal, in which Moyers interviews and provides a musical portrait of 75 year old folk singer and activist Pete Seeger. | ||
| 500 | _a12-page viewer's guide with articles on the inspiration for the program, the song's lyrics, shape-note singing, and facts about the song inserted in container. | ||
| 505 | 0 | _aAmazing grace (80:00) -- Special features. Pure Pete Seeger (54:00) -- Bill Moyers biography -- Performer biographies. | |
| 508 | _aProduced and directed by Elena Mannes ; editor, Donna Marino ; principal sound, Peter Miller ; photography, Gary Steele, Greg Andracke ; executive producers, Judith Davidson Moyers, Bill Moyers. | ||
| 511 | 0 | _aJudy Collins, Jean Ritchie, shape-note singers of Holly Springs, Geo., Dewey Williams, Jessye Norman, Johnny Cash, Marion Williams, the Boys' Choir of Harlem, et al. ; words of John Newton read by Jeremy Irons. | |
| 520 | _aBill Moyers tells the story of this song, one of the most popular pieces of music in the English language, through the people who have sung it. He also tells the story of John Newton, once the captain of an English slave ship, who came to faith after surviving a storm at sea in the eighteenth century and wrote the lyrics which across distances of time and culture have become, when set to music, a courier of the spirit to millions of people. | ||
| 521 | 8 | _aMPAA rating: Not rated. | |
| 538 | _aDVD, NTSC, Region 1, full screen, 4:3 aspect ratio, Dolby digital. | ||
| 546 | _aIn English. Subtitles for the deaf and hard-of-hearing (SDH) | ||
| 600 | 1 | 0 |
_aNewton, John, _d1725-1807. |
| 600 | 1 | 0 |
_aSeeger, Pete, _d1919- |
| 630 | 0 | 0 | _aAmazing grace (Hymn) |
| 650 | 0 | _aHymns, English. | |
| 650 | 0 |
_aHymns, English _xHistory and criticism. |
|
| 650 | 0 | _aGospel music. | |
| 650 | 0 | _aShape-note singing. | |
| 650 | 0 |
_aFolk singers _zUnited States _vInterviews. |
|
| 650 | 0 |
_aFolk singers _zUnited States _vBiography. |
|
| 655 | 7 |
_aFeature films. _2lcgft. |
|
| 655 | 7 |
_aDocumentary films. _2lcgft. |
|
| 655 | 7 |
_aVideo recordings for the hearing impaired. _2lcgft. |
|
| 700 | 1 | _aMoyers, Bill D. | |
| 700 | 1 | _aMannes, Elena. | |
| 700 | 1 | _aMarino, Donna. | |
| 700 | 1 | _aMoyers, Judith Davidson. | |
| 710 | 2 | _aPublic Affairs Television (Firm) | |
| 710 | 2 | _aAthena (Firm) | |
| 710 | 2 | _aAcorn Media (Firm) | |
| 730 | 0 | _aBill Moyers journal. | |
| 740 | 0 | 2 | _aPure Pete Seeger. |
| 001 | data | ||
| 999 |
_c974 _d974 |
||